Представление документа в формате MARC21

ПолеНазваниеЗначение
  Тип записи a
  Библиографический уровень m
001 Контрольный номер RU/URAIT/588533
005 Дата корректировки 20260429163623.9
008 Кодируемые данные 260429s2026 RU y f j 000 0 rus u
020 Индекс ISBN __
a ISBN 978-5-534-15172-5
c Цена, тираж 0.00
040 Источник каталогиз. __
a Служба первич. каталог. ИКО Юрайт
c Служба, преобразующая запись ИКО Юрайт
e Правила каталог. RCR
041 Код языка издания __
a Код языка текста rus
044 Код страны публикации __
a Код страны публикации RU
080 Индекс УДК __
a Индекс УДК 349.2(075.8)
084 Индекс другой классификации/Индекс ББК __
2 Источник индекса rubbk
a Индекс другой классификации/Индекс ББК 67.405.1я73
100 Автор __
a Автор Пучкова В. В.
q Полное имя Пучкова Виктория Викторовна
245 Заглавие __
a Заглавие Трудовое право. Практикум
b Продолж. заглавия учебник для вузов
c Ответственность В. В. Пучкова.
256 Характеристики компьютерного файла __
a Характеристики компьютерного файла Электрон. дан.
260 Выходные данные __
a Место издания Москва
b Издательство Юрайт
c Дата издания 2026
300 Физическое описание __
a Объем 203 с
440 Серия __
a Серия Высшее образование
500 Примечания __
a Примечание URL: https://urait.ru/bcode/588533 (дата обращения: 29.04.2026).
520 Аннотация __
a Аннотация Практикум охватывает все темы учебной дисциплины «Трудовое право» и состоит из двух разделов: тесты для контроля знаний и практическая часть по изучению курса. В издании предлагаются задачи, обеспечивающие самоанализ в процессе решения проблемных ситуаций на профессиональном уровне. При этом акцентируется внимание на обновленном законодательстве, регулирующем отношения в трудовой сфере, и юридической практике. Соответствует актуальным требованиям федерального государственного образовательного стандарта высшего образования. Для студентов высших учебных заведений, обучающихся по юридическим направлениям (уровень бакалавриата), преподавателей, а также может использоваться в учебном процессе слушателей курсов повышения квалификации, при дистанционной форме обучения и самостоятельной работе.
538 Прим. о системных особенностях __
a Прим. о системных особенностях Режим доступа: Электронно-библиотечная система Юрайт, для авториз. пользователей
653 Ключевые слова __
a Ключевые слова Трудовое право
653 Ключевые слова __
a Ключевые слова Юридические науки
653 Ключевые слова __
a Ключевые слова Трудовое право
653 Ключевые слова __
a Ключевые слова Основы трудового права
653 Ключевые слова __
a Ключевые слова Трудовое законодательство
653 Ключевые слова __
a Ключевые слова Основы трудового законодательства
653 Ключевые слова __
a Ключевые слова Современное трудовое законодательство
856 Электронный адрес документа 40
n Местонахождение сервера Юрайт
g Электронная книга
q Тип электронного формата html
h Имя пользователя ЮРАЙТ
v Часы доступа к ресурсу 20271231
2 Способ доступа Показать документ
x Служебное примечание https://urait.ru/book/cover/5BFA1F2B-5726-4871-A31E-F500E359383A
u URL https://urait.ru/bcode/588533
856 Электронный адрес документа 48
q Тип электронного формата cover
u URL https://urait.ru/book/cover/5BFA1F2B-5726-4871-A31E-F500E359383A
911 __
u 0030=https://urait.ru/bcode/588533
911 __
u 073a=9785534151725
u 073d=0.00
911 __
u 106a=s
911 __
u 900l=
952 Тип литературы __
i Дисциплина Трудовое право
952 Тип литературы __
i Дисциплина Основы трудового права
952 Тип литературы __
i Дисциплина Трудовое законодательство
952 Тип литературы __
i Дисциплина Основы трудового законодательства
952 Тип литературы __
i Дисциплина Современное трудовое законодательство